Cornelia Street - Taylor Swift Lyrics - Statistics

General Stats
  • This quiz has been taken 3,368 times
    3,240 since last reset
  • The average score is 307 of 375
Answer Stats
Lyric % Correct
"I
100%
I
100%
(I
100%
a
99%
Cornelia
99%
Street,"
99%
Street
99%
street,
99%
Street,
99%
never
97%
the
96%
walk
96%
you,
96%
you
96%
You
96%
you)
96%
again
95%
in
92%
me
92%
on
92%
We
92%
we
92%
so
90%
an
89%
were
89%
Back
87%
back
87%
I'd
87%
your
87%
And
86%
and
86%
bar
86%
car
86%
it
85%
lose
85%
that
85%
That
85%
then
85%
hope
84%
(Hope
84%
my
84%
of
84%
Drunk
83%
ends
83%
ends,
83%
place
83%
something
82%
this
82%
casually
81%
if
81%
than
81%
baby,
80%
city
80%
drinks
80%
ever
80%
name
80%
say
80%
stronger
80%
screams
79%
away
78%
backseat
78%
I'm
78%
rent
78%
could
77%
go
77%
how
77%
time
77%
when
77%
kind
76%
That's
76%
heartbreak
75%
terrified
74%
by
72%
get
72%
mend
72%
leading
70%
as
68%
As
68%
to
68%
mystified
65%
us
65%
home
64%
page
63%
was
62%
fresh
61%
thought
61%
new
60%
is
58%
playing
58%
blanks
57%
filling
57%
games
57%
hand
57%
kitchen
57%
knew
57%
apartment
56%
before
56%
But
56%
just
56%
Oh,
56%
gone
55%
religion,
55%
arrowhead,
54%
beginnings
54%
Barefoot
53%
even
53%
left
53%
'round
53%
listen
52%
became
51%
don't
51%
pointed
51%
streetlights
51%
desk
50%
Sacred
50%
yours
49%
ago
48%
card
48%
packed
48%
wanna
48%
Years
48%
bags,
47%
inside
47%
Jacket
47%
shoulders
47%
called,
46%
air
45%
showed
45%
hold
44%
autumn
43%
hit
43%
sharks,
43%
tunnel
43%
around
42%
floor
42%
Memorize
41%
open,
40%
turned
40%
Windows
39%
roof,
38%
Sat
38%
creaks
36%
right
36%
rains
33%
bless
31%
swung
28%
No matching quizzes found
Score Distribution
Percent of People with Each Score
Percentile by Number Answered
Your Score History
You have not taken this quiz since the last reset